| 000 | 00780nam a2200241 i 4500 | ||
|---|---|---|---|
| 001 | 000011941 | ||
| 003 | DO-SdBNP | ||
| 005 | 20250120102852.0 | ||
| 007 | ta | ||
| 008 | 091102s1911 dr 000 f spa d | ||
| 040 |
_aDO-SdBNP _bspa _cBNPHU _erda |
||
| 082 | 0 | 4 |
_aRD863.42 _bR786i _222 |
| 100 | 1 |
_aFreites Roque, Arturo, _d 1879-1914 _928219 |
|
| 245 | 1 | 0 |
_a¡Inexorable! / _cArturo Freites Roque. |
| 264 |
_aCiudad Trujillo : _bLa Cuna de América, Vda. de Roques y Cía, _c1911 |
||
| 300 |
_a289 páginas ; _c21 cm. |
||
| 336 |
_2rdacontent _atexto _btxt |
||
| 337 |
_2rdamedia _asin mediación _bn |
||
| 338 |
_2rdacarrier _avolumen _bnc |
||
| 650 | 0 |
_aNovela dominicana _9223 |
|
| 650 | 4 |
_aLiteratura dominicana. _967 |
|
| 942 |
_2ddc _cLBS1 |
||
| 999 |
_c11611 _d11611 |
||